Disney's world of English. Vol. 11. (Record no. 108748)
[ view plain ]
| 000 -LEADER | |
|---|---|
| fixed length control field | 00308nam a2200121 a 4500 |
| 005 - DATE AND TIME OF LATEST TRANSACTION | |
| control field | 20140414093831.0 |
| 008 - FIXED-LENGTH DATA ELEMENTS--GENERAL INFORMATION | |
| fixed length control field | 970109s19uu xx 00 eng d |
| 050 ## - LIBRARY OF CONGRESS CALL NUMBER | |
| Classification number | VHS 400 |
| Item number | OR 13 |
| 245 ## - TITLE STATEMENT | |
| Title | Disney's world of English. Vol. 11. |
| 500 ## - GENERAL NOTE | |
| General note | Library has the 12 volumes |
| 942 ## - ADDED ENTRY ELEMENTS (KOHA) | |
| Koha item type | Audio Visual Materials |
| Withdrawn status | Lost status | Damaged status | Home library | Current library | Shelving location | Date acquired | Source of acquisition | Total Checkouts | Full call number | Barcode | Date last seen | Price effective from | Koha item type |
|---|---|---|---|---|---|---|---|---|---|---|---|---|---|
| Luxembourg Library | Luxembourg Library | Audio Visual Material Section | 05/27/2003 | VHS 400 OR 13 | AV0195 | 04/14/2014 | 04/14/2014 | Audio Visual Materials |